000 00785nam a2200253Ia 4500
003 OSt
005 20220925215423.0
006 a|||||r|||| 00| 0
007 ta
008 220923b |||||||| |||| 00| 0 eng d
037 _cGeneral Book
040 _aRTL
_cRTL
_beng
041 _2eng
_aeng
082 _aX91.3.N7, L1/GD
110 _aMerrett Cyriax Associates
_9282830
245 0 _aDynamics of small firms
_b Committee of inquiry on small firms
260 _aLondon
_bHMSO UK
_c1971
300 _a59p.
_ccm.
490 _aGreat Britain Inquiry on small firms (Committee on-) research report
650 _aIndustrial Economics
700 _aMerrett Cyriax Associates
_9282831
942 _hX91.3.N7, L1/GD
_cGB
_2CC
999 _c568754
_d568754